Management úvěrových obchodů bank

Gespeichert in:
Bibliographische Detailangaben
1. Verfasser: Polidar, Vojtěch
Format: Buch
Sprache:Tschechisch
Veröffentlicht: Praha Economia 1991
Ausgabe:1. vyd.
Schriftenreihe:Knižnice Hospodářských novin
Online-Zugang:Im OPAC anzeigen
Tags: Tag hinzufügen
Keine Tags, Fügen Sie das erste Tag hinzu!

MARC

LEADER 00000nam a2200000 a 4500
005 20260127134404.0
008 131003s1991 CS 0 cze c
020 |a 8085378035 
035 |a vtls001129344 
035 |a SNK000072194 
039 9 |a 201310031056  |b VLOAD  |c 201306201733  |d VLOAD  |c 200809181058  |d mschk03  |y 200412250610  |z VLOAD 
040 |a SNK  |b slo  |c SNK  |d STUSCHK1  |e AACR2 
041 0 |a cze 
044 |a [CS] 
080 |a 336.717.061:65.012.4  |2 1981 
080 |a 65.012.4  |2 1981 
100 1 |a Polidar, Vojtěch  |9 489 
245 1 |a Management úvěrových obchodů bank  |c Vojtěch Polidar 
250 |a 1. vyd. 
260 |a Praha  |b Economia  |c 1991 
300 |a 264, [1] s.  |c 25 cm 
490 0 |a Knižnice Hospodářských novin 
910 |a SCHK95 
919 |a 80-85378-03-5 
954 |a obchody bankové úverové  |x riadenie  |x príručky 
999 |c 11523  |d 11523